Matahari tetap bersinar
| Main Author: | |
|---|---|
| Format: | Book |
| Published: |
Selangor :
Pustaka angsana ,
1996
|
| Series: | Siri novel angsana
|
MARC
| LEADER | 00000cam a2200000 7i4500 | ||
|---|---|---|---|
| 001 | 0000078035 | ||
| 005 | 20180124.0 | ||
| 008 | 180124 | ||
| 020 | |a 9830210537 (set) | ||
| 020 | |a 9830210545 | ||
| 090 | 0 | 0 | |a JF |b MAL |
| 100 | 1 | |a Badrul Risham Naruddin | |
| 245 | 1 | 0 | |a Matahari tetap bersinar |c Badrul Risham Naruddin |
| 260 | |a Selangor : |b Pustaka angsana , |c 1996 | ||
| 490 | 1 | |a Siri novel angsana | |
| 999 | |a 0000540209 |b Book |c Children Collection |e Cawangan Pontian | ||